000 00540nam a22001817a 4500
005 20151023115426.0
010 _aENG-113953
020 _c200.00
_a9789350450840
035 _aEN-97485
037 _bDBAD/PUB
_adpl
082 _a881
100 _aShobhana Kumar
245 _aConditions apply /
_cby Shobhana Kumar
260 _aCalcutta
_bWriters Workshop
_c2014
270 _a162/92, Lake Garden,
_bCalcutta
_e700045
300 _a86p.
_c22cm(Hb)
942 _2ddc
_cEN
_mSHO
_h881
999 _c96542
_d96542